书目信息 |
| 题名: |
常见树木
|
|
| 作者: | 邓莉兰 编著 | |
| 分册: | 2 南方 | |
| 出版信息: | 北京 中国林业出版社 2007 |
|
| 页数: | 480页 | |
| 开本: | 15cm | |
| 丛书名: | 大自然珍藏系列 | |
| 单 册: | ||
| 中图分类: | S68-64 | |
| 科图分类: | ||
| 主题词: | 园林树木--图集 | |
| 电子资源: | ||
| ISBN: | 978-7-5038-4590-1 | |
| 000 | 00805oam2 2200253 450 | |
| 001 | 012007020928 | |
| 005 | 20070805170849.17 | |
| 010 | @a978-7-5038-4590-1@b精装@dCNY48.00@z7-5038-4590-2 | |
| 100 | @a20070630d2007 em y0chiy0110 ea | |
| 101 | 0 | @achi |
| 102 | @aCN@b110000 | |
| 105 | @aa z 001yy | |
| 200 | 1 | @a常见树木@9chang jian shu mu@h2@i南方@f邓莉兰编著 |
| 210 | @a北京@c中国林业出版社@d2007 | |
| 215 | @a480页@c图@d15cm | |
| 225 | 2 | @a大自然珍藏系列 |
| 320 | @a有索引 | |
| 330 | @a本书主要介绍树木明显的外部形态特征,帮助读者认识最常见的代表性的树种,并掌握一些主要的常见科属的基本特征。 | |
| 461 | 0 | @12001 @a大自然珍藏系列 |
| 606 | 0 | @a园林树木@j图集 |
| 690 | @aS68-64@v4 | |
| 701 | 0 | @a邓莉兰@9deng li lan@4编著 |
| 801 | 0 | @aCN@bRENTIAN@c20070805 |
| 905 | @a10447@dS68-64@e178:2 | |
| 常见树木.2.南方/邓莉兰编著.-北京:中国林业出版社,2007 |
| 480页:图;15cm.-(大自然珍藏系列) |
| ISBN 978-7-5038-4590-1(精装):CNY48.00 |
| 本书主要介绍树木明显的外部形态特征,帮助读者认识最常见的代表性的树种,并掌握一些主要的常见科属的基本特征。 |
| ● |
| 相关链接 |
|
|
|
|
正题名:常见树木
索取号:S68-64/178:2
 
预约/预借
| 序号 | 登录号 | 条形码 | 馆藏地/架位号 | 状态 | 备注 |
| 1 | 0808727 | 208087274 | 第二样本阅览室/ [索取号:S68-64/178:2] | 在馆 | |
| 2 | 0808728 | 208087283 | 第三借阅区/ [索取号:S68-64/178:2] | 在馆 | |
| 3 | 0808729 | 208087292 | 教育系资料室/ [索取号:S68-64/178:2] | 在馆 | |
| 4 | 0808730 | 208087309 | 第三借阅区/ [索取号:S68-64/178:2] | 在馆 | |
| 5 | 0808731 | 208087318 | 教育系资料室/ [索取号:S68-64/178:2] | 在馆 | |
| 6 | 0808732 | 208087327 | 第三借阅区/ [索取号:S68-64/178:2] | 在馆 | |
| 7 | 0808733 | 208087336 | 第三借阅区/ [索取号:S68-64/178:2] | 在馆 | |
| 8 | 0808734 | 208087345 | 教育系资料室/ [索取号:S68-64/178:2] | 在馆 | |
| 9 | 0808735 | 208087354 | 教育系资料室/ [索取号:S68-64/178:2] | 在馆 | |
| 10 | 0808736 | 208087363 | 教育系资料室/ [索取号:S68-64/178:2] | 在馆 |